| 000 -LEADER |
| fixed length control field |
01462cam a2200397 a 4500 |
| 001 - CONTROL NUMBER |
| control field |
13117627 |
| 003 - CONTROL NUMBER IDENTIFIER |
| control field |
Nust |
| 005 - DATE AND TIME OF LATEST TRANSACTION |
| control field |
20180704080752.0 |
| 008 - FIXED-LENGTH DATA ELEMENTS--GENERAL INFORMATION |
| fixed length control field |
030310r20031860nyu 000 1 eng |
| 010 ## - LIBRARY OF CONGRESS CONTROL NUMBER |
| LC control number |
2003046065 |
| 020 ## - INTERNATIONAL STANDARD BOOK NUMBER |
| International Standard Book Number |
9780141439624 |
| Terms of availability |
Rs. 476 |
| 038 ## - RECORD CONTENT LICENSOR |
| Staff Name |
Arshad |
| 040 ## - CATALOGING SOURCE |
| Original cataloging agency |
DLC |
| Transcribing agency |
DLC |
| Modifying agency |
DLC |
| 043 ## - GEOGRAPHIC AREA CODE |
| Geographic area code |
e-uk-en |
| 050 00 - LIBRARY OF CONGRESS CALL NUMBER |
| Classification number |
PR4661 |
| Item number |
.A1 2003 |
| 082 00 - DEWEY DECIMAL CLASSIFICATION NUMBER |
| Classification number |
823.8 |
| Author Mark |
ELI |
| 100 1# - MAIN ENTRY--PERSONAL NAME |
| Personal name |
Eliot, George, |
| Dates associated with a name |
1819-1880. |
| 9 (RLIN) |
11431 |
| 245 14 - TITLE STATEMENT |
| Title |
The mill on the floss / |
| Statement of responsibility, etc. |
George Eliot. |
| 260 ## - PUBLICATION, DISTRIBUTION, ETC. |
| Place of publication, distribution, etc. |
Mineola, N.Y. : |
| Name of publisher, distributor, etc. |
Dover Publications, |
| Date of publication, distribution, etc. |
2003. |
| 300 ## - PHYSICAL DESCRIPTION |
| Extent |
ix,579 p. ; |
| Dimensions |
21 cm. |
| 650 #0 - SUBJECT ADDED ENTRY--TOPICAL TERM |
| Topical term or geographic name entry element |
Conflict of generations |
| Form subdivision |
Fiction. |
| 9 (RLIN) |
9941 |
| 650 #0 - SUBJECT ADDED ENTRY--TOPICAL TERM |
| Topical term or geographic name entry element |
Young women |
| Form subdivision |
Fiction. |
| 9 (RLIN) |
3694 |
| 650 #0 - SUBJECT ADDED ENTRY--TOPICAL TERM |
| Topical term or geographic name entry element |
Loss (Psychology) |
| Form subdivision |
Fiction. |
| 9 (RLIN) |
11432 |
| 650 #0 - SUBJECT ADDED ENTRY--TOPICAL TERM |
| Topical term or geographic name entry element |
Young women |
| Form subdivision |
Fiction. |
| 9 (RLIN) |
3694 |
| 650 #0 - SUBJECT ADDED ENTRY--TOPICAL TERM |
| Topical term or geographic name entry element |
Water mills |
| Form subdivision |
Fiction. |
| 9 (RLIN) |
11433 |
| 650 #0 - SUBJECT ADDED ENTRY--TOPICAL TERM |
| Topical term or geographic name entry element |
Vendetta |
| Form subdivision |
Fiction. |
| 9 (RLIN) |
5713 |
| 651 #0 - SUBJECT ADDED ENTRY--GEOGRAPHIC NAME |
| Geographic name |
England |
| Form subdivision |
Fiction. |
| 9 (RLIN) |
1072 |
| 655 #7 - INDEX TERM--GENRE/FORM |
| Genre/form data or focus term |
Psychological fiction. |
| Source of term |
lcsh |
| 9 (RLIN) |
953 |
| 655 #7 - INDEX TERM--GENRE/FORM |
| Genre/form data or focus term |
Domestic fiction. |
| Source of term |
lcsh |
| 9 (RLIN) |
4525 |
| 655 #7 - INDEX TERM--GENRE/FORM |
| Genre/form data or focus term |
Love stories. |
| Source of term |
gsafd |
| 9 (RLIN) |
418 |
| 856 42 - ELECTRONIC LOCATION AND ACCESS |
| Materials specified |
Publisher description |
| Uniform Resource Identifier |
<a href="http://www.loc.gov/catdir/description/dover032/2003046065.html">http://www.loc.gov/catdir/description/dover032/2003046065.html</a> |
| 856 42 - ELECTRONIC LOCATION AND ACCESS |
| Materials specified |
Contributor biographical information |
| Uniform Resource Identifier |
<a href="http://www.loc.gov/catdir/enhancements/fy1501/2003046065-b.html">http://www.loc.gov/catdir/enhancements/fy1501/2003046065-b.html</a> |
| 906 ## - LOCAL DATA ELEMENT F, LDF (RLIN) |
| a |
7 |
| b |
cbc |
| c |
orignew |
| d |
1 |
| e |
ocip |
| f |
20 |
| g |
y-gencatlg |
| 942 ## - ADDED ENTRY ELEMENTS (KOHA) |
| Source of classification or shelving scheme |
|
| Koha item type |
Book |